000 00612ntaaa2200229 4500
003 01
005 20251027202635.0
008 0714s1973 ag 01
040 _aAR-BaBN
_bspa
_cAR-BaBN
_eaacr
_dRIC
082 _a372.2100 B65c
100 _aBottino, Malena
_925755
245 _aCajita de sorpresas
250 _a1 ed.
260 _aBuenos Aires :
_bC.L.A.S.A.,
_c1974
300 _a6 tomos
500 _aMaterial para jardín de infantes
650 _ajardin de infantes
700 _aFernández Cueva, Graciela
_925756
700 _aGhiglioni, Marta
_925757
700 _aOtros,
_913169
942 _cBK
999 _c21553
_d21553